[Event "Fagernes GM-A 2019"]
[Site "Fagernes"]
[Date "2019.04.19"]
[Round "7.11"]
[White "Santarius, Erik"]
[Black "Kizatbay, Abyl"]
[Result "1-0"]
[WhiteElo "2411"]
[BlackElo "2108"]
[Annotator "TA"]
[PlyCount "81"]
[EventDate "2019.04.14"]
[EventType "tourn"]
[EventCountry "NOR"]
[SourceTitle "playchess.com"]
[Source "ChessBase"]
[SourceQuality "1"]

{[%evp 16,81,48,29,97,33,33,20,28,0,19,20,24,5,4,26,81,69,123,135,143,136,145,145,145,140,206,196,236,173,193,88,175,77,97,82,103,88,73,81,142,127,146,92,97,47,47,47,187,155,649,639,566,573,949,946,939,937,926,882,755,625,619,598,29973,29946,5214,5181]} 1. d4 Nf6 2. c4 g6 3. Nc3 d5 4. cxd5 Nxd5 5. e4 Nxc3 6. bxc3 Bg7 7. Nf3 c5 8. Rb1 cxd4 9. cxd4 Qa5+ {D85: Exchange Grünfeld: Unusual White 7th moves and lines with 7 Nf3} (9... O-O $11) 10. Qd2 (10. Bd2 $16 Qxa2 11. Qc1) 10... Qxd2+ $1 $14 11. Bxd2 O-O {The position is equal.} 12. Bb5 Bg4 $146 ({Predecessor:} 12... Rd8 13. d5 e6 14. Bg5 f6 15. Bf4 exd5 16. Bc7 Rf8 17. exd5 {1-0 (31) Flumbort,A (2508)-Akshayraj,K (2483) Budapest 2012}) 13. d5 Rc8 14. h3 Bxf3 15. gxf3 Bc3 (15... a6 $11 16. Bd3 Nd7) 16. Rc1 $36 {[%mdl 2048] White is pushing.} Bxd2+ (16... a6 $14) 17. Kxd2 Na6 18. Bxa6 bxa6 19. Rxc8+ $1 Rxc8 {[%mdl 4096] Endgame KR-KR} 20. Rc1 $1 {[%cal Rc1c8]} Rb8 (20... Rd8 $16) 21. Rc7 $18 Rb2+ 22. Ke3 Kf8 23. Rc8+ ({But not} 23. Rxa7 $6 Rxa2 24. Ra8+ Kg7 $16) 23... Kg7 {[#]} 24. e5 (24. Re8 $1 $18 {is more deadly.}) 24... Rb1 25. f4 Re1+ 26. Kf3 Rd1 27. Rc5 f5 (27... h5 $142) 28. h4 Kf7 29. Ke3 ({White should play} 29. Ra5) 29... Kf8 30. Rc8+ Kf7 31. Rd8 Re1+ (31... a5 $1 $14) 32. Kd3 Rh1 $2 (32... Rd1+ $16 33. Ke3 Re1+ 34. Kf3 Rd1) 33. e6+ Kg7 34. Kd2 Rxh4 {[#]} 35. Re8 $1 Rxf4 36. Rxe7+ {[%mdl 64] Double Attack} Kf8 37. Rf7+ Kg8 38. Kd3 Re4 39. Re7 h5 40. Re8+ Kg7 41. d6 {Accuracy: White = 62%, Black = 32%.} 1-0

[Event "Fagernes GM-A 2019"]
[Site "Fagernes"]
[Date "2019.04.19"]
[Round "7.12"]
[White "Hobber, Anders"]
[Black "Abdrlauf, Elham"]
[Result "1/2-1/2"]
[WhiteElo "2295"]
[BlackElo "2123"]
[Annotator "NA"]
[PlyCount "116"]
[EventDate "2019.04.14"]
[EventType "tourn"]
[EventCountry "NOR"]
[SourceTitle "playchess.com"]
[Source "ChessBase"]
[SourceQuality "1"]
[TimeControl "40/7200:3600"]

1. d4 {[%emt 0:03:24]} Nf6 {[%emt 0:00:05]} 2. Bf4 {[%emt 0:00:35]} b6 {[%emt 0:00:09]} 3. e3 {[%emt 0:00:59]} Bb7 {[%emt 0:00:10]} 4. h3 {[%emt 0:01:39]} g6 {[%emt 0:00:09]} 5. Nf3 {[%emt 0:00:12]} Bg7 {[%emt 0:00:09]} 6. Be2 {[%emt 0:00:29]} O-O {[%emt 0:00:08]} 7. O-O {[%emt 0:00:09]} d6 {[%emt 0:00:05]} 8. Bh2 {[%emt 0:01:48]} Nbd7 {[%emt 0:00:11]} 9. c3 {[%emt 0:01:39]} Re8 {[%emt 0:00:07]} 10. a4 {[%emt 0:01:44]} a5 {[%emt 0:00:08]} 11. Na3 {[%emt 0:04:21]} e5 {[%emt 0:03:10]} 12. Nb5 {[%emt 0:01:50]} e4 {[%emt 0:01:41]} 13. Nd2 {[%emt 0:01:23]} Nd5 {[%emt 0:12:44]} 14. Qb3 {[%emt 0:14:25]} N7f6 {[%emt 0:08:22]} 15. Rad1 {[%emt 0:08:49]} Rb8 {[%emt 0:04:08]} 16. c4 {[%emt 0:14:54]} Nb4 {[%emt 0:00:43]} 17. c5 {[%emt 0:03:16]} Bd5 {[%emt 0:07:26]} 18. Bc4 {[%emt 0:08:17]} bxc5 {[%emt 0:11:07]} 19. dxc5 {[%emt 0:03:53]} Bxc4 {[%emt 0:23:55]} 20. Nxc4 {[%emt 0:04:15]} Nd3 {[%emt 0:00:11]} 21. cxd6 {[%emt 0:05:38]} c6 {[%emt 0:00:55]} 22. d7 {[%emt 0:00:58]} Qxd7 {[%emt 0:04:32]} 23. Bxb8 {[%emt 0:09:30]} Rxb8 {[%emt 0:00:34]} 24. Ne5 {[%emt 0:00:56]} Qb7 {[%emt 0:00:32]} 25. Nxd3 {[%emt 0:01:01]} exd3 {[%emt 0:00:07]} 26. Rxd3 {[%emt 0:00:34]} cxb5 {[%emt 0:00:27]} 27. axb5 {[%emt 0:00:08]} Bf8 {[%emt 0:08:47]} 28. Rc1 {[%emt 0:03:27]} Qxb5 {[%emt 0:05:19]} 29. Qxb5 {[%emt 0:00:25]} Rxb5 {[%emt 0:00:17]} 30. b3 {[%emt 0:01:04]} Rb7 {[%emt 0:05:09]} 31. Rc4 {[%emt 0:01:47]} Nd7 {[%emt 0:01:12]} 32. Rd5 {[%emt 0:01:00]} Nb6 {[%emt 0:00:42]} 33. Rb5 {[%emt 0:01:17]} Nxc4 {[%emt 0:00:13]} 34. Rxb7 {[%emt 0:00:02]} Nd2 {[%emt 0:00:08]} 35. f3 {[%emt 0:00:31]} Bb4 {[%emt 0:00:14]} 36. Kf2 {[%emt 0:00:05]} Nxb3 {[%emt 0:00:06]} 37. Ke2 {[%emt 0:00:31]} Nc1+ {[%emt 0:02:51]} 38. Kd1 {[%emt 0:00:19]} Nd3 {[%emt 0:00:03]} 39. Ke2 {[%emt 0:00:19]} Nb2 {[%emt 0:01:40]} 40. h4 {[%emt 0:00:26]} Bc3 {[%emt 0:01:26]} 41. Rc7 {[%emt 1:00:51]} Bf6 {[%emt 1:00:20]} 42. g3 {[%emt 0:01:57]} a4 {[%emt 0:00:32]} 43. Ra7 {[%emt 0:00:28]} Bc3 {[%emt 0:00:36]} 44. Rc7 {[%emt 0:01:48]} Bf6 {[%emt 0:01:07]} 45. Ra7 {[%emt 0:00:14]} Kg7 {[%emt 0:00:10]} 46. f4 {[%emt 0:02:08]} Bc3 {[%emt 0:02:26]} 47. e4 {[%emt 0:02:04]} Bd4 {[%emt 0:00:23]} 48. Ra5 {[%emt 0:01:16]} Bc3 {[%emt 0:02:23]} 49. Ra7 {[%emt 0:00:00]} Bd4 {[%emt 0:00:00]} 50. Ra5 {[%emt 0:00:00]} h5 {[%emt 0:00:00]} 51. e5 {[%emt 0:00:00]} Bb6 {[%emt 0:00:00]} 52. Rb5 {[%emt 0:00:00]} Nc4 {[%emt 0:00:00]} 53. Rb4 {[%emt 0:00:00]} Nxe5 {[%emt 0:00:00]} 54. Rxb6 {[%emt 0:00:00]} Ng4 {[%emt 0:00:00]} 55. Ra6 {[%emt 0:00:00]} Nh6 {[%emt 0:00:00]} 56. Rxa4 {[%emt 0:00:00]} Kf6 {[%emt 0:00:00]} 57. Kf3 {[%emt 0:00:00]} Kg7 {[%emt 0:00:00]} 58. Ra5 {[%emt 0:00:00]} Kf6 {[%emt 0:00:00]} 1/2-1/2

[Event "Fagernes GM-A 2019"]
[Site "Fagernes"]
[Date "2019.04.19"]
[Round "7.13"]
[White "Dolzhikova, Olga"]
[Black "Vitenberg, Noam Aviv"]
[Result "1/2-1/2"]
[WhiteElo "2231"]
[BlackElo "2203"]
[Annotator "ChessBase"]
[PlyCount "176"]
[EventDate "2019.04.14"]
[EventType "tourn"]
[EventCountry "NOR"]
[SourceTitle "playchess.com"]
[Source "ChessBase"]
[SourceQuality "1"]
[TimeControl "40/7200:3600"]

1. e4 {[%emt 0:06:43]} e6 {[%emt 0:00:03]} 2. d4 {[%emt 0:00:09]} d5 {[%emt 0:00:04]} 3. Nc3 {[%emt 0:00:10]} h6 {[%emt 0:00:05]} 4. exd5 {[%emt 0:01:07]} exd5 {[%emt 0:00:04]} 5. Nf3 {[%emt 0:00:38]} Nf6 {[%emt 0:00:22]} 6. Bf4 {[%emt 0:01:48]} Nc6 {[%emt 0:15:17]} 7. Bd3 {[%emt 0:24:33]} Nb4 {[%emt 0:08:02]} 8. O-O {[%emt 0:08:17]} Nxd3 {[%emt 0:09:40]} 9. Qxd3 {[%emt 0:00:04]} c6 {[%emt 0:01:24]} 10. Rae1+ {[%emt 0:04:56]} Be7 {[%emt 0:12:00]} 11. Ne5 {[%emt 0:11:06]} O-O {[%emt 0:02:58]} 12. Ne2 {[%emt 0:01:59]} Ng4 {[%emt 0:15:56]} 13. Qg3 {[%emt 0:12:53]} h5 {[%emt 0:17:01]} 14. h3 {[%emt 0:09:46]} Nxe5 {[%emt 0:11:01]} 15. Bxe5 {[%emt 0:00:31]} f6 {[%emt 0:00:23]} 16. Bc7 {[%emt 0:01:16]} Qd7 {[%emt 0:00:45]} 17. Nc1 {[%emt 0:04:54]} Rf7 {[%emt 0:03:27]} 18. Bf4 {[%emt 0:01:01]} b6 {[%emt 0:01:50]} 19. Qf3 {[%emt 0:03:13]} Ba6 {[%emt 0:05:40]} 20. Nd3 {[%emt 0:00:09]} Qf5 {[%emt 0:01:12]} 21. Re3 {[%emt 0:00:35]} g6 {[%emt 0:07:10]} 22. Rfe1 {[%emt 0:00:26]} Qd7 {[%emt 0:00:13]} 23. Bh2 {[%emt 0:01:36]} Bxd3 {[%emt 0:00:45]} 24. Rxd3 {[%emt 0:00:11]} Bd6 {[%emt 0:00:46]} 25. Bxd6 {[%emt 0:00:49]} Qxd6 {[%emt 0:00:02]} 26. Rde3 {[%emt 0:00:36]} Qb4 {[%emt 0:00:11]} 27. Qf4 {[%emt 0:05:38]} Kg7 {[%emt 0:00:04]} 28. b3 {[%emt 0:01:29]} Raf8 {[%emt 0:00:48]} 29. c3 {[%emt 0:00:21]} Qa3 {[%emt 0:00:08]} 30. R3e2 {[%emt 0:00:34]} a5 {[%emt 0:00:04]} 31. c4 {[%emt 0:02:10]} dxc4 {[%emt 0:00:08]} 32. bxc4 {[%emt 0:00:06]} Qb4 {[%emt 0:00:07]} 33. Qc1 {[%emt 0:01:48]} Rd8 {[%emt 0:00:17]} 34. Rb2 {[%emt 0:00:52]} Qa3 {[%emt 0:00:18]} 35. Rxb6 {[%emt 0:03:59]} Qxc1 {[%emt 0:00:12]} 36. Rxc1 {[%emt 0:00:03]} Rxd4 {[%emt 0:00:01]} 37. Rc2 {[%emt 0:02:23]} a4 {[%emt 0:01:04]} 38. Ra6 {[%emt 0:00:17]} Rb7 {[%emt 0:00:09]} 39. Rxa4 {[%emt 0:00:13]} Rb1+ {[%emt 0:00:05]} 40. Kh2 {[%emt 0:00:03]} Rbd1 {[%emt 0:00:06]} 41. Ra6 {[%emt 1:00:16]} R1d2 {[%emt 0:14:40]} 42. Rxd2 {[%emt 0:00:00]} Rxd2 {[%emt 0:00:05]} 43. Kg3 {[%emt 0:00:00]} c5 {[%emt 0:02:14]} 44. Ra5 {[%emt 0:00:00]} Rd3+ {[%emt 0:05:06]} 45. f3 {[%emt 0:00:00]} Rd2 {[%emt 0:00:37]} 46. h4 {[%emt 0:00:00]} Kf7 {[%emt 0:02:39]} 47. a4 {[%emt 0:00:00]} Ra2 {[%emt 0:00:38]} 48. Rxc5 {[%emt 0:00:00]} Rxa4 {[%emt 0:01:17]} 49. Rc8 {[%emt 0:00:00]} Ke6 {[%emt 0:08:08]} 50. Re8+ {[%emt 0:00:00]} Kf7 {[%emt 0:01:07]} 51. Re4 {[%emt 0:00:00]} Ra2 {[%emt 0:01:32]} 52. Rd4 {[%emt 0:00:00]} Rc2 {[%emt 0:01:42]} 53. Kh3 {[%emt 0:00:00]} Ke6 {[%emt 0:01:05]} 54. g4 {[%emt 0:00:00]} hxg4+ {[%emt 0:00:58]} 55. Kxg4 {[%emt 0:00:00]} Ke5 {[%emt 0:01:33]} 56. Rd5+ {[%emt 0:00:00]} Ke6 {[%emt 0:00:13]} 57. Rd4 {[%emt 0:00:00]} Ke5 {[%emt 0:00:28]} 58. Rd5+ {[%emt 0:00:00]} Ke6 {[%emt 0:00:06]} 59. Rc5 {[%emt 0:00:00]} Kd6 {[%emt 0:00:26]} 60. Rc8 {[%emt 0:00:00]} Kd7 {[%emt 0:00:51]} 61. Rg8 {[%emt 0:00:00]} Rxc4+ {[%emt 0:01:01]} 62. f4 {[%emt 0:00:00]} Ke6 {[%emt 0:00:34]} 63. Rxg6 {[%emt 0:00:00]} Kf7 {[%emt 0:00:11]} 64. Rh6 {[%emt 0:00:00]} Rc1 {[%emt 0:00:59]} 65. Rh8 {[%emt 0:00:00]} Ra1 {[%emt 0:01:19]} 66. Rb8 {[%emt 0:00:00]} Kg7 {[%emt 0:00:28]} 67. Rb7+ {[%emt 0:00:00]} Kg6 {[%emt 0:02:48]} 68. h5+ {[%emt 0:00:00]} Kh6 {[%emt 0:00:06]} 69. Rf7 {[%emt 0:00:00]} Ra6 {[%emt 0:01:10]} 70. Kf5 {[%emt 0:00:00]} Ra5+ {[%emt 0:00:20]} 71. Kxf6 {[%emt 0:00:00]} Ra6+ {[%emt 0:00:27]} 72. Kf5 {[%emt 0:00:00]} Ra1 {[%emt 0:00:41]} 73. Rf8 {[%emt 0:00:00]} Rb1 {[%emt 0:00:30]} 74. Rh8+ {[%emt 0:00:00]} Kg7 {[%emt 0:00:02]} 75. Re8 {[%emt 0:00:00]} Ra1 {[%emt 0:00:37]} 76. Re7+ {[%emt 0:00:00]} Kh6 {[%emt 0:00:03]} 77. Kf6 {[%emt 0:00:00]} Kxh5 {[%emt 0:00:49]} 78. f5 {[%emt 0:00:00]} Ra6+ {[%emt 0:00:08]} 79. Re6 {[%emt 0:00:00]} Ra7 {[%emt 0:00:01]} 80. Rd6 {[%emt 0:00:00]} Kh6 {[%emt 0:00:07]} 81. Ke6 {[%emt 0:00:00]} Kg7 {[%emt 0:00:02]} 82. f6+ {[%emt 0:00:00]} Kg6 {[%emt 0:00:02]} 83. Ke5 {[%emt 0:00:00]} Kf7 {[%emt 0:00:06]} 84. Rd5 {[%emt 0:00:00]} Rb7 {[%emt 0:00:06]} 85. Kf5 {[%emt 0:00:00]} Ra7 {[%emt 0:00:04]} 86. Ke5 {[%emt 0:00:00]} Rb7 {[%emt 0:00:01]} 87. Kf5 {[%emt 0:00:00]} Ra7 {[%emt 0:00:01]} 88. Ke5 {[%emt 0:00:00]} Rb7 {[%emt 0:00:00]} 1/2-1/2

[Event "Fagernes GM-A 2019"]
[Site "Fagernes"]
[Date "2019.04.19"]
[Round "7.14"]
[White "Andersen, Morten"]
[Black "Machlik, Monika"]
[Result "1/2-1/2"]
[WhiteElo "2223"]
[BlackElo "2059"]
[Annotator "NA"]
[PlyCount "45"]
[EventDate "2019.04.14"]
[EventType "tourn"]
[EventCountry "NOR"]
[SourceTitle "playchess.com"]
[Source "ChessBase"]
[SourceQuality "1"]
[TimeControl "40/7200:3600"]

1. d4 {[%emt 0:00:02]} Nf6 {[%emt 0:00:07]} 2. c4 {[%emt 0:00:08]} e6 {[%emt 0:00:04]} 3. g3 {[%emt 0:00:11]} Bb4+ {[%emt 0:00:16]} 4. Bd2 {[%emt 0:00:10]} a5 {[%emt 0:00:58]} 5. Bg2 {[%emt 0:02:16]} d6 {[%emt 0:02:16]} 6. e4 {[%emt 0:00:29]} e5 {[%emt 0:00:51]} 7. Ne2 {[%emt 0:00:23]} Nc6 {[%emt 0:00:56]} 8. d5 {[%emt 0:01:40]} Ne7 {[%emt 0:02:59]} 9. O-O {[%emt 0:00:41]} O-O {[%emt 0:01:00]} 10. Nbc3 {[%emt 0:00:11]} Nd7 {[%emt 0:11:29]} 11. Kh1 {[%emt 0:13:28]} c6 {[%emt 0:11:31]} 12. Nc1 {[%emt 0:05:07]} cxd5 {[%emt 0:06:32]} 13. exd5 {[%emt 0:08:07]} Qc7 {[%emt 0:23:20]} 14. Qe2 {[%emt 0:11:07]} Bxc3 {[%emt 0:09:10]} 15. Bxc3 {[%emt 0:00:23]} Nb6 {[%emt 0:00:15]} 16. b3 {[%emt 0:05:31]} Nexd5 {[%emt 0:06:56]} 17. Bxe5 {[%emt 0:02:41]} dxe5 {[%emt 0:00:17]} 18. cxd5 {[%emt 0:00:15]} Rd8 {[%emt 0:05:12]} 19. Nd3 {[%emt 0:05:19]} Nxd5 {[%emt 0:04:03]} 20. Rac1 {[%emt 0:02:25]} Qd6 {[%emt 0:02:46]} 21. Nxe5 {[%emt 0:08:18]} Be6 {[%emt 0:01:06]} 22. Rfe1 {[%emt 0:05:56]} Rac8 {[%emt 0:05:24]} 23. Rxc8 {[%emt 0:05:52]} 1/2-1/2

[Event "Fagernes GM-A 2019"]
[Site "Fagernes"]
[Date "2019.04.19"]
[Round "7.15"]
[White "Isha Sharma"]
[Black "Bentsen, Hakon"]
[Result "1-0"]
[WhiteElo "1989"]
[BlackElo "2155"]
[Annotator "NA"]
[PlyCount "91"]
[EventDate "2019.04.14"]
[EventType "tourn"]
[EventCountry "NOR"]
[SourceTitle "playchess.com"]
[Source "ChessBase"]
[SourceQuality "1"]
[TimeControl "40/7200:3600"]

1. e4 {[%emt 0:00:03]} e5 {[%emt 0:00:08]} 2. Nf3 {[%emt 0:00:05]} Nc6 {[%emt 0:00:08]} 3. Bc4 {[%emt 0:00:04]} Bc5 {[%emt 0:00:08]} 4. c3 {[%emt 0:00:16]} Nf6 {[%emt 0:00:09]} 5. d3 {[%emt 0:00:07]} O-O {[%emt 0:00:17]} 6. Nbd2 {[%emt 0:00:24]} d5 {[%emt 0:00:21]} 7. exd5 {[%emt 0:01:11]} Nxd5 {[%emt 0:00:09]} 8. Ne4 {[%emt 0:00:15]} Be7 {[%emt 0:00:09]} 9. O-O {[%emt 0:00:12]} Bg4 {[%emt 0:00:33]} 10. Re1 {[%emt 0:02:13]} Nb6 {[%emt 0:03:02]} 11. Bb3 {[%emt 0:00:49]} a5 {[%emt 0:01:25]} 12. a4 {[%emt 0:00:19]} Qd7 {[%emt 0:04:13]} 13. Ng3 {[%emt 0:02:21]} Rad8 {[%emt 0:03:43]} 14. Bc2 {[%emt 0:00:18]} f6 {[%emt 0:11:08]} 15. h3 {[%emt 0:11:12]} Be6 {[%emt 0:05:19]} 16. Qe2 {[%emt 0:00:11]} Bf7 {[%emt 0:01:55]} 17. Nh4 {[%emt 0:06:17]} g6 {[%emt 0:02:23]} 18. Bh6 {[%emt 0:01:28]} Rfe8 {[%emt 0:00:09]} 19. Rad1 {[%emt 0:00:06]} Nd5 {[%emt 0:06:25]} 20. Bc1 {[%emt 0:09:32]} f5 {[%emt 0:05:48]} 21. Nf3 {[%emt 0:00:33]} Bc5 {[%emt 0:05:45]} 22. Qf1 {[%emt 0:02:38]} Nf4 {[%emt 0:05:54]} 23. d4 {[%emt 0:03:38]} Nxh3+ {[%emt 0:05:32]} 24. gxh3 {[%emt 0:00:26]} exd4 {[%emt 0:00:06]} 25. cxd4 {[%emt 0:01:04]} Rxe1 {[%emt 0:01:52]} 26. Qxe1 {[%emt 0:00:18]} Bb4 {[%emt 0:03:15]} 27. Qe3 {[%emt 0:01:58]} Re8 {[%emt 0:04:05]} 28. Qg5 {[%emt 0:00:14]} Qd5 {[%emt 0:00:54]} 29. Rd3 {[%emt 0:07:26]} Qc4 {[%emt 0:08:55]} 30. Bb1 {[%emt 0:00:14]} Be7 {[%emt 0:01:48]} 31. Qd2 {[%emt 0:00:54]} Qxa4 {[%emt 0:00:33]} 32. Qd1 {[%emt 0:02:50]} Qb5 {[%emt 0:02:16]} 33. Ne2 {[%emt 0:02:14]} Nb4 {[%emt 0:01:48]} 34. Nc3 {[%emt 0:00:38]} Qa6 {[%emt 0:02:16]} 35. Re3 {[%emt 0:00:27]} Bf6 {[%emt 0:07:19]} 36. Rxe8+ {[%emt 0:02:15]} Bxe8 {[%emt 0:00:02]} 37. Bf4 {[%emt 0:00:08]} Qc4 {[%emt 0:00:46]} 38. Ne5 {[%emt 0:01:53]} Bxe5 {[%emt 0:00:37]} 39. Bxe5 {[%emt 0:00:08]} Bf7 {[%emt 0:00:32]} 40. Qd2 {[%emt 0:01:27]} Nc6 {[%emt 0:00:43]} 41. Ba2 {[%emt 1:03:30]} Nxe5 {[%emt 1:01:07]} 42. dxe5 {[%emt 0:00:28]} Qc6 {[%emt 0:00:09]} 43. Qd8+ {[%emt 0:00:36]} Kg7 {[%emt 0:00:07]} 44. Qe7 {[%emt 0:00:28]} Qe8 {[%emt 0:00:39]} 45. Qf6+ {[%emt 0:00:05]} Kg8 {[%emt 0:00:05]} 46. e6 {[%emt 0:00:04]} 1-0

[Event "Fagernes GM-A 2019"]
[Site "Fagernes"]
[Date "2019.04.19"]
[Round "7.16"]
[White "Holleland, Sigve"]
[Black "Ingebretsen, Jens E"]
[Result "0-1"]
[WhiteElo "2024"]
[BlackElo "2300"]
[Annotator "NA"]
[PlyCount "78"]
[EventDate "2019.04.14"]
[EventType "tourn"]
[EventCountry "NOR"]
[SourceTitle "playchess.com"]
[Source "ChessBase"]
[SourceQuality "1"]
[TimeControl "40/7200:3600"]

1. d4 {[%emt 0:00:48]} d5 {[%emt 0:00:09]} 2. c4 {[%emt 0:01:03]} e6 {[%emt 0:00:08]} 3. g3 {[%emt 0:01:44]} Nf6 {[%emt 0:00:32]} 4. Bg2 {[%emt 0:00:18]} dxc4 {[%emt 0:00:38]} 5. Nf3 {[%emt 0:01:41]} Nc6 {[%emt 0:00:09]} 6. Qa4 {[%emt 0:01:31]} Nd7 {[%emt 0:00:17]} 7. Qxc4 {[%emt 0:03:39]} Nb6 {[%emt 0:00:05]} 8. Qd3 {[%emt 0:01:02]} e5 {[%emt 0:00:06]} 9. O-O {[%emt 0:08:18]} exd4 {[%emt 0:02:05]} 10. Rd1 {[%emt 0:05:08]} Be7 {[%emt 0:01:28]} 11. Na3 {[%emt 0:05:51]} Be6 {[%emt 0:03:40]} 12. Bf4 {[%emt 0:07:40]} O-O {[%emt 0:01:30]} 13. Nc2 {[%emt 0:03:59]} Na4 {[%emt 0:04:13]} 14. Nfxd4 {[%emt 0:10:56]} Bd5 {[%emt 0:09:08]} 15. e4 {[%emt 0:15:15]} Nxb2 {[%emt 0:03:06]} 16. Qf3 {[%emt 0:00:52]} Nxd1 {[%emt 0:02:21]} 17. Rxd1 {[%emt 0:00:27]} Bxa2 {[%emt 0:06:34]} 18. Nxc6 {[%emt 0:00:20]} Qe8 {[%emt 0:00:22]} 19. Nxe7+ {[%emt 0:05:07]} Qxe7 {[%emt 0:00:03]} 20. Ne3 {[%emt 0:00:18]} Be6 {[%emt 0:03:15]} 21. Nd5 {[%emt 0:01:14]} Bxd5 {[%emt 0:00:40]} 22. exd5 {[%emt 0:00:21]} Rfd8 {[%emt 0:05:25]} 23. Qc3 {[%emt 0:03:56]} c6 {[%emt 0:11:26]} 24. Re1 {[%emt 0:02:55]} Qd7 {[%emt 0:01:25]} 25. d6 {[%emt 0:08:01]} Re8 {[%emt 0:01:00]} 26. Rd1 {[%emt 0:01:04]} a5 {[%emt 0:01:54]} 27. Bc1 {[%emt 0:03:38]} Ra6 {[%emt 0:01:53]} 28. Bb2 {[%emt 0:05:27]} f6 {[%emt 0:01:45]} 29. Qc4+ {[%emt 0:00:18]} Kh8 {[%emt 0:02:36]} 30. Qh4 {[%emt 0:00:33]} c5 {[%emt 0:03:16]} 31. Be4 {[%emt 0:04:16]} h6 {[%emt 0:05:08]} 32. Qf4 {[%emt 0:07:51]} a4 {[%emt 0:11:58]} 33. Bf5 {[%emt 0:00:45]} Qf7 {[%emt 0:00:46]} 34. Bd3 {[%emt 0:00:32]} Qb3 {[%emt 0:01:59]} 35. Rd2 {[%emt 0:00:44]} Re1+ {[%emt 0:00:59]} 36. Bf1 {[%emt 0:00:33]} Qb5 {[%emt 0:01:18]} 37. Kg2 {[%emt 0:00:45]} Qxf1+ {[%emt 0:00:08]} 38. Kf3 {[%emt 0:00:02]} Qh1+ {[%emt 0:00:19]} 39. Kg4 {[%emt 0:00:01]} Re4 {[%emt 0:26:16]} 0-1

[Event "Fagernes GM-A 2019"]
[Site "Fagernes"]
[Date "2019.04.19"]
[Round "7.17"]
[White "Dahl, Trygve"]
[Black "Nordquelle, Daniel"]
[Result "1-0"]
[WhiteElo "2275"]
[BlackElo "2264"]
[Annotator "NA"]
[PlyCount "67"]
[EventDate "2019.04.14"]
[EventType "tourn"]
[EventCountry "NOR"]
[SourceTitle "playchess.com"]
[Source "ChessBase"]
[SourceQuality "1"]
[TimeControl "40/7200:3600"]

1. e4 {[%emt 0:00:01]} c5 {[%emt 0:00:03]} 2. Nf3 {[%emt 0:00:05]} d6 {[%emt 0:00:05]} 3. d4 {[%emt 0:00:03]} cxd4 {[%emt 0:00:06]} 4. Nxd4 {[%emt 0:00:04]} Nf6 {[%emt 0:00:04]} 5. f3 {[%emt 0:00:02]} e5 {[%emt 0:00:09]} 6. Nb3 {[%emt 0:00:02]} Be6 {[%emt 0:00:36]} 7. c4 {[%emt 0:00:33]} Nbd7 {[%emt 0:00:25]} 8. Be3 {[%emt 0:02:14]} a6 {[%emt 0:02:24]} 9. Nc3 {[%emt 0:00:49]} Rc8 {[%emt 0:00:32]} 10. Nd2 {[%emt 0:00:46]} Be7 {[%emt 0:01:47]} 11. Be2 {[%emt 0:00:26]} O-O {[%emt 0:01:36]} 12. O-O {[%emt 0:00:21]} Nh5 {[%emt 0:00:22]} 13. Re1 {[%emt 0:04:04]} g6 {[%emt 0:00:40]} 14. Rc1 {[%emt 0:00:39]} f5 {[%emt 0:02:23]} 15. Nf1 {[%emt 0:00:24]} Nhf6 {[%emt 0:08:00]} 16. Nd2 {[%emt 0:03:54]} Kh8 {[%emt 0:00:56]} 17. Nd5 {[%emt 0:00:39]} fxe4 {[%emt 0:06:07]} 18. Nxe7 {[%emt 0:02:27]} Qxe7 {[%emt 0:00:37]} 19. Nxe4 {[%emt 0:00:14]} Nxe4 {[%emt 0:00:28]} 20. fxe4 {[%emt 0:00:06]} Nc5 {[%emt 0:01:20]} 21. Bf3 {[%emt 0:01:24]} Bd7 {[%emt 0:08:33]} 22. Qd2 {[%emt 0:02:57]} Bc6 {[%emt 0:16:12]} 23. Rcd1 {[%emt 0:02:53]} Rfe8 {[%emt 0:25:39]} 24. b4 {[%emt 0:02:05]} Na4 {[%emt 0:03:08]} 25. Bg4 {[%emt 0:07:55]} Ra8 {[%emt 0:05:27]} 26. Bg5 {[%emt 0:01:25]} Qf7 {[%emt 0:04:38]} 27. Rf1 {[%emt 0:02:38]} Qxc4 {[%emt 0:01:04]} 28. Bf6+ {[%emt 0:00:06]} Kg8 {[%emt 0:00:10]} 29. Qh6 {[%emt 0:00:03]} Qf7 {[%emt 0:01:38]} 30. Rxd6 {[%emt 0:04:25]} Bb5 {[%emt 0:17:39]} 31. Rf2 {[%emt 0:01:18]} Re7 {[%emt 0:00:18]} 32. Bxe5 {[%emt 0:01:18]} Qxf2+ {[%emt 0:01:49]} 33. Kxf2 {[%emt 0:00:02]} Rf8+ {[%emt 0:00:07]} 34. Rf6 {[%emt 0:00:15]} 1-0